000 00588 a2200169 4500
999 _c4655
_d4655
010 _aENG-86523
020 _a8183821332
_c95.00
035 _aEN-70056
037 _bDBAD / PUB
082 _a485
100 _aPeterson, Jim
245 _aSelf help to english conversation :
_cby Jim Peterson
_byour success guide to english conversation /
260 _aNew Delhi
_bLotus Press
_c2007
270 _a4263/3, Ansari Road, Darya Ganj
_bNew Delhi
_e110 002
_k011-32903912, 011-23290047
_mlotus_press@sify.com
300 _a200 p.
_c22cm (Pbk)
942 _adpl
_cEN
_2ddc
_h485
_mPET